Змееныш. Слуга оборотней: Романы

Bibliographic Details
Main Author: Дашков А. Г. Андрей Георгиевич
Summary:Исключено из фонда НТБ ТПУ
Language:Russian
Published: Москва, ЭКСМО, 1996
Series:Абсолютная магия
Format: Book
KOHA link:https://koha.lib.tpu.ru/cgi-bin/koha/opac-detail.pl?biblionumber=7887

MARC

LEADER 00000nam0a2200000 4500
001 7887
005 20231030181356.0
010 |a 5855858235 
035 |a (RuTPU)RU\TPU\book\7933 
035 |a BOOK00007992 
090 |a 7887 
100 |a 20011209d1996 m y0rusy50 ca 
101 0 |a rus 
102 |a RU 
105 |a a z 000ay 
200 1 |a Змееныш. Слуга оборотней  |e Романы  |f А. Г. Дашков 
210 |a Москва  |c ЭКСМО  |d 1996 
215 |a 464 с. 
225 1 |a Абсолютная магия 
333 |a Исключено из фонда НТБ ТПУ 
700 1 |a Дашков  |b А. Г.  |g Андрей Георгиевич 
801 0 |a RU  |b 63413507  |c 20011209  |g PSBO 
801 2 |a RU  |b 63413507  |c 20170517  |g PSBO 
942 |c BK